Представление документа в формате MARC21

Поле Инд. ПП Название Значение
Тип записи a
Библиографический уровень b
001 Контрольный номер RU/IS/BASE/400959667
005 Дата корректировки 20240516144147.7
084 a Индекс другой классификации/Индекс ББК 63.3(0)
100 1_ a Автор Березовая Л. Г.
q Полное имя Березовая Лидия Григорьевна
245 a Заглавие Идея нейтралитета в проекте "новой Европы" на Венском конгрессе 1814 - 1815 гг.
504 a Библиография Лит. - Примеч.
520 a Аннотация Вынесенный на Венский конгресс проект российской дипломатии по обустройству "новой Европы" состоял во введении в этот проект нового элемента - нейтралитета Швейцарии. Образованный на Конгрессе Священный Союз закрепил принцип равновесия сил в Европе и решения общих вопросов путем переговоров. Швейцария получила "вечный нейтралитет" не столько для себя, сколько для всей Европы.
600 a Персоналии Александр I (рос. император)
650 a Основная рубрика история
653 a Ключевые слова XIX век
a Ключевые слова Венский конгресс 1814-1815
a Ключевые слова Европа
a Ключевые слова политический нейтралитет
a Ключевые слова политическое устройство
a Ключевые слова Россия
a Ключевые слова Священный Союз
a Ключевые слова Франция
a Ключевые слова Швейцария
773 t Заглавие источника Вопросы истории
d Дата издания источника 2012
g Прочая информация № 2. - С. 119 - 130
w Контрольный № источника RU/IS/BASE/383238307
901 t Тип документа b